Loading...
| Current Events | 2 | 25.00 | 100% | 100% | 50% |
| Fine Arts - Auditory Fine Arts | 7 | 22.86 | 100% | 100% | 29% |
| Fine Arts - Other Fine Arts | 8 | 18.75 | 100% | 63% | 25% |
| Fine Arts - Visual Fine Arts | 5 | 22.00 | 100% | 100% | 20% |
| Geography | 4 | 10.00 | 75% | 25% | 0% |
| History - American History | 6 | 15.00 | 83% | 50% | 17% |
| History - European History | 5 | 20.00 | 80% | 80% | 40% |
| History - Other History | 6 | 21.67 | 100% | 83% | 33% |
| History - World History | 6 | 16.67 | 100% | 67% | 0% |
| Literature - American Literature | 3 | 23.33 | 100% | 100% | 33% |
| Literature - British Literature | 6 | 16.67 | 100% | 50% | 17% |
| Literature - European Literature | 8 | 22.50 | 100% | 75% | 50% |
| Literature - World Literature | 6 | 20.00 | 83% | 83% | 33% |
| Mythology | 2 | 25.00 | 100% | 100% | 50% |
| Other Academic | 1 | 10.00 | 100% | 0% | 0% |
| Philosophy | 8 | 18.75 | 100% | 63% | 25% |
| Religion | 6 | 16.67 | 83% | 83% | 0% |
| Science - Biology | 5 | 24.00 | 80% | 100% | 60% |
| Science - Chemistry | 9 | 17.78 | 89% | 78% | 11% |
| Science - Other Science | 6 | 13.33 | 100% | 33% | 0% |
| Science - Physics | 5 | 14.00 | 100% | 40% | 0% |
| Social Science | 7 | 18.57 | 100% | 71% | 14% |